[Event "68th Warsaw-ch-A 2019"]
[Site "Warsaw"]
[Date "2019.11.16"]
[Round "5.6"]
[White "Sadowski, Miroslaw"]
[Black "Wiech, Grzegorz"]
[Result "0-1"]
[WhiteElo "1998"]
[BlackElo "2219"]
[Annotator "NA"]
[PlyCount "56"]
[EventDate "2019.11.14"]
[EventType "swiss"]
[EventCountry "POL"]
[SourceTitle "playchess.com"]
[Source "ChessBase"]
[SourceQuality "1"]
[TimeControl "5400+30"]

1. d4 {[%emt 0:00:00]} Nf6 {[%emt 0:01:25]} 2. g3 {[%emt 0:00:22]} c5 {[%emt 0:00:13]} 3. c3 {[%emt 0:00:43]} d5 {[%emt 0:02:16]} 4. Bg2 {[%emt 0:00:52]} e6 {[%emt 0:05:44]} 5. Nf3 {[%emt 0:01:32]} Nc6 {[%emt 0:00:17]} 6. O-O {[%emt 0:00:36]} Bd6 {[%emt 0:00:25]} 7. Nbd2 {[%emt 0:18:35]} O-O {[%emt 0:01:43]} 8. Qc2 {[%emt 0:06:09]} cxd4 {[%emt 0:03:04]} 9. Nxd4 {[%emt 0:03:33]} e5 {[%emt 0:00:46]} 10. Nxc6 {[%emt 0:00:31]} bxc6 {[%emt 0:00:18]} 11. c4 {[%emt 0:01:33]} Be6 {[%emt 0:00:20]} 12. b3 {[%emt 0:01:00]} e4 {[%emt 0:07:32]} 13. Rd1 {[%emt 0:07:38]} Ng4 {[%emt 0:24:32]} 14. Nf1 {[%emt 0:09:52]} Qf6 {[%emt 0:07:01]} 15. Be3 {[%emt 0:05:36]} Be5 {[%emt 0:00:27]} 16. Rab1 {[%emt 0:07:10]} d4 {[%emt 0:01:22]} 17. Bf4 {[%emt 0:03:56]} Bxf4 {[%emt 0:00:31]} 18. gxf4 {[%emt 0:00:06]} Qxf4 {[%emt 0:05:03]} 19. Bxe4 {[%emt 0:05:41]} Nxf2 {[%emt 0:04:47]} 20. Bf3 {[%emt 0:02:31]} Nxd1 {[%emt 0:04:13]} 21. Rxd1 {[%emt 0:00:03]} Rac8 {[%emt 0:00:49]} 22. b4 {[%emt 0:02:34]} Rfd8 {[%emt 0:01:38]} 23. Ng3 {[%emt 0:00:36]} c5 {[%emt 0:01:46]} 24. b5 {[%emt 0:00:10]} d3 {[%emt 0:01:43]} 25. Rxd3 {[%emt 0:00:29]} Rxd3 {[%emt 0:00:25]} 26. Qxd3 {[%emt 0:00:13]} Qxc4 {[%emt 0:00:12]} 27. Qxc4 {[%emt 0:02:48]} Bxc4 {[%emt 0:00:33]} 28. a4 {[%emt 0:00:12]} Bb3 {[%emt 0:03:13]} 0-1

[Event "68th Warsaw-ch-A 2019"]
[Site "Warsaw"]
[Date "2019.11.16"]
[Round "5.7"]
[White "Sliwerski, Radoslaw"]
[Black "Poniewierski, Piotr"]
[Result "1-0"]
[WhiteElo "2091"]
[BlackElo "1858"]
[Annotator "NA"]
[PlyCount "89"]
[EventDate "2019.11.14"]
[EventType "swiss"]
[EventCountry "POL"]
[SourceTitle "playchess.com"]
[Source "ChessBase"]
[SourceQuality "1"]
[TimeControl "5400+30"]

1. d4 {[%emt 0:00:00]} d5 {[%emt 0:00:00]} 2. c4 {[%emt 0:00:00]} c6 {[%emt 0:00:00]} 3. cxd5 {[%emt 0:00:00]} cxd5 {[%emt 0:00:00]} 4. Bf4 {[%emt 0:00:00]} Nc6 {[%emt 0:01:05]} 5. Nc3 {[%emt 0:00:08]} Nf6 {[%emt 0:00:36]} 6. e3 {[%emt 0:00:06]} a6 {[%emt 0:00:10]} 7. Bd3 {[%emt 0:00:30]} e6 {[%emt 0:00:30]} 8. Rc1 {[%emt 0:00:30]} Bd6 {[%emt 0:00:30]} 9. Bxd6 {[%emt 0:00:30]} Qxd6 {[%emt 0:00:30]} 10. Nf3 {[%emt 0:00:30]} O-O {[%emt 0:00:30]} 11. O-O {[%emt 0:00:30]} e5 {[%emt 0:00:30]} 12. dxe5 {[%emt 0:00:30]} Nxe5 {[%emt 0:00:30]} 13. Be2 {[%emt 0:00:30]} Bg4 {[%emt 0:00:30]} 14. Nxe5 {[%emt 0:00:30]} Bxe2 {[%emt 0:00:30]} 15. Nxf7 {[%emt 0:00:30]} Bxd1 {[%emt 0:00:30]} 16. Nxd6 {[%emt 0:00:30]} Bg4 {[%emt 0:00:30]} 17. h3 {[%emt 0:00:30]} Bd7 {[%emt 0:00:30]} 18. Rfd1 {[%emt 0:00:30]} b5 {[%emt 0:00:30]} 19. Nxd5 {[%emt 0:00:30]} Nxd5 {[%emt 0:00:30]} 20. Rxd5 {[%emt 0:00:30]} Be6 {[%emt 0:00:30]} 21. Rd4 {[%emt 0:00:30]} Bxa2 {[%emt 0:00:30]} 22. b4 {[%emt 0:00:30]} h6 {[%emt 0:00:30]} 23. Rc7 {[%emt 0:00:30]} Rf6 {[%emt 0:00:30]} 24. f3 {[%emt 0:00:30]} Bb3 {[%emt 0:00:30]} 25. Rc3 {[%emt 0:00:30]} Bf7 {[%emt 0:00:30]} 26. Ra3 {[%emt 0:00:30]} Be8 {[%emt 0:00:30]} 27. Ne4 {[%emt 0:00:30]} Rc6 {[%emt 0:00:30]} 28. Rd6 {[%emt 0:00:30]} Rxd6 {[%emt 0:00:30]} 29. Nxd6 {[%emt 0:00:30]} Bc6 {[%emt 0:00:30]} 30. Rc3 {[%emt 0:00:30]} Bd7 {[%emt 0:00:30]} 31. Rc7 {[%emt 0:00:30]} Be6 {[%emt 0:00:30]} 32. Re7 {[%emt 0:00:30]} Bb3 {[%emt 0:00:30]} 33. Re8+ {[%emt 0:00:30]} Rxe8 {[%emt 0:00:30]} 34. Nxe8 {[%emt 0:00:30]} Bd5 {[%emt 0:00:30]} 35. e4 {[%emt 0:00:30]} Bb7 {[%emt 0:00:30]} 36. Kf2 {[%emt 0:00:30]} Kf8 {[%emt 0:00:30]} 37. Nd6 {[%emt 0:00:30]} Bc6 {[%emt 0:00:30]} 38. Ke3 {[%emt 0:00:30]} Ke7 {[%emt 0:00:30]} 39. Nf5+ {[%emt 0:00:30]} Kf6 {[%emt 0:00:30]} 40. Nd4 {[%emt 0:00:30]} Bb7 {[%emt 0:00:30]} 41. Nb3 {[%emt 0:00:30]} g5 {[%emt 0:00:30]} 42. Nc5 {[%emt 0:00:30]} Bc8 {[%emt 0:00:30]} 43. Kd4 {[%emt 0:00:30]} h5 {[%emt 0:00:30]} 44. g4 {[%emt 0:00:30]} hxg4 {[%emt 0:00:30]} 45. hxg4 {[%emt 0:00:30]} 1-0

[Event "68th Warsaw-ch-A 2019"]
[Site "Warsaw"]
[Date "2019.11.16"]
[Round "5.8"]
[White "Praczukowski, Stanislaw"]
[Black "Cyra, Dariusz"]
[Result "1-0"]
[WhiteElo "2069"]
[BlackElo "1818"]
[Annotator "NA"]
[PlyCount "63"]
[EventDate "2019.11.14"]
[EventType "swiss"]
[EventCountry "POL"]
[SourceTitle "playchess.com"]
[Source "ChessBase"]
[SourceQuality "1"]
[TimeControl "5400+30"]

1. e4 {[%emt 0:00:00]} d5 {[%emt 0:00:00]} 2. exd5 {[%emt 0:00:00]} Nf6 {[%emt 0:00:00]} 3. d4 {[%emt 0:00:17]} Bg4 {[%emt 0:00:08]} 4. Nf3 {[%emt 0:00:37]} Qxd5 {[%emt 0:00:09]} 5. Be2 {[%emt 0:00:49]} Nc6 {[%emt 0:00:18]} 6. O-O {[%emt 0:00:50]} O-O-O {[%emt 0:00:19]} 7. Be3 {[%emt 0:00:28]} Qf5 {[%emt 0:19:28]} 8. c4 {[%emt 0:14:49]} e6 {[%emt 0:27:47]} 9. Nbd2 {[%emt 0:16:40]} Bd6 {[%emt 0:06:00]} 10. h3 {[%emt 0:09:04]} h5 {[%emt 0:15:21]} 11. Qa4 {[%emt 0:08:49]} g5 {[%emt 0:06:08]} 12. c5 {[%emt 0:04:15]} Bf4 {[%emt 0:04:38]} 13. Bb5 {[%emt 0:01:29]} Nb8 {[%emt 0:10:11]} 14. c6 {[%emt 0:09:17]} Bxh3 {[%emt 0:02:39]} 15. cxb7+ {[%emt 0:00:48]} Kxb7 {[%emt 0:00:07]} 16. Ne5 {[%emt 0:04:01]} Bxg2 {[%emt 0:02:50]} 17. Kxg2 {[%emt 0:01:07]} Bxe5 {[%emt 0:01:21]} 18. dxe5 {[%emt 0:00:13]} Qg4+ {[%emt 0:00:43]} 19. Qxg4 {[%emt 0:00:07]} Nxg4 {[%emt 0:00:18]} 20. Nf3 {[%emt 0:04:51]} Nxe3+ {[%emt 0:00:47]} 21. fxe3 {[%emt 0:00:02]} g4 {[%emt 0:00:12]} 22. Nd4 {[%emt 0:01:25]} Kb6 {[%emt 0:00:29]} 23. Be2 {[%emt 0:03:56]} c5 {[%emt 0:00:10]} 24. Nb3 {[%emt 0:00:15]} Nc6 {[%emt 0:01:11]} 25. Rxf7 {[%emt 0:02:10]} Nxe5 {[%emt 0:00:01]} 26. Rf6 {[%emt 0:00:21]} Rd6 {[%emt 0:01:09]} 27. Rc1 {[%emt 0:00:34]} Nd7 {[%emt 0:00:27]} 28. Rg6 {[%emt 0:00:34]} Ne5 {[%emt 0:00:11]} 29. Rg5 {[%emt 0:00:35]} Nd7 {[%emt 0:00:06]} 30. Nxc5 {[%emt 0:01:32]} Nxc5 {[%emt 0:00:31]} 31. Rgxc5 {[%emt 0:00:29]} Rd2 {[%emt 0:00:33]} 32. Rb5+ {[%emt 0:00:05]} 1-0

[Event "68th Warsaw-ch-A 2019"]
[Site "Warsaw"]
[Date "2019.11.16"]
[Round "5.9"]
[White "Piotrowski, Arkadiusz"]
[Black "Kaminski, Jan"]
[Result "0-1"]
[WhiteElo "1962"]
[BlackElo "2024"]
[Annotator "NA"]
[PlyCount "74"]
[EventDate "2019.11.14"]
[EventType "swiss"]
[EventCountry "POL"]
[SourceTitle "playchess.com"]
[Source "ChessBase"]
[SourceQuality "1"]
[TimeControl "5400+30"]

1. d4 {[%emt 0:00:00]} Nf6 {[%emt 0:00:00]} 2. Nf3 {[%emt 0:00:00]} b6 {[%emt 0:00:22]} 3. g3 {[%emt 0:00:15]} Bb7 {[%emt 0:00:16]} 4. Bg2 {[%emt 0:00:13]} e6 {[%emt 0:00:14]} 5. O-O {[%emt 0:00:12]} c5 {[%emt 0:00:27]} 6. c3 {[%emt 0:01:04]} Be7 {[%emt 0:00:22]} 7. Bf4 {[%emt 0:01:03]} d5 {[%emt 0:01:05]} 8. Ne5 {[%emt 0:05:27]} O-O {[%emt 0:01:33]} 9. Bg5 {[%emt 0:02:39]} Nc6 {[%emt 0:01:04]} 10. f4 {[%emt 0:00:32]} cxd4 {[%emt 0:01:19]} 11. cxd4 {[%emt 0:00:17]} Nxd4 {[%emt 0:00:44]} 12. Bxf6 {[%emt 0:00:29]} gxf6 {[%emt 0:00:12]} 13. Ng4 {[%emt 0:01:23]} Nf5 {[%emt 0:02:02]} 14. Qd3 {[%emt 0:01:18]} Bc5+ {[%emt 0:02:58]} 15. Kh1 {[%emt 0:01:55]} h5 {[%emt 0:08:32]} 16. Nf2 {[%emt 0:01:14]} Ne3 {[%emt 0:00:09]} 17. b4 {[%emt 0:00:45]} Nxg2 {[%emt 0:01:13]} 18. Kxg2 {[%emt 0:06:53]} d4+ {[%emt 0:01:03]} 19. Kh3 {[%emt 0:00:37]} Bxb4 {[%emt 0:03:05]} 20. g4 {[%emt 0:01:12]} Qd5 {[%emt 0:01:59]} 21. Qg3 {[%emt 0:07:52]} h4 {[%emt 0:00:17]} 22. Qg1 {[%emt 0:02:09]} Kg7 {[%emt 0:03:44]} 23. Nd3 {[%emt 0:01:52]} Bc3 {[%emt 0:02:27]} 24. Nxc3 {[%emt 0:00:55]} dxc3 {[%emt 0:00:03]} 25. Rac1 {[%emt 0:01:50]} Qxa2 {[%emt 0:02:19]} 26. g5 {[%emt 0:01:19]} Qd5 {[%emt 0:05:05]} 27. f5 {[%emt 0:03:01]} Rg8 {[%emt 0:05:21]} 28. Qg4 {[%emt 0:10:02]} Kf8 {[%emt 0:05:23]} 29. Nf4 {[%emt 0:23:36]} Qe5 {[%emt 0:05:09]} 30. g6 {[%emt 0:10:05]} exf5 {[%emt 0:02:04]} 31. Qh5 {[%emt 0:01:33]} Qe3+ {[%emt 0:03:21]} 32. Kxh4 {[%emt 0:01:27]} Ke7 {[%emt 0:00:47]} 33. gxf7 {[%emt 0:00:56]} Rg4+ {[%emt 0:00:56]} 34. Qxg4 {[%emt 0:00:40]} fxg4 {[%emt 0:00:03]} 35. Kh5 {[%emt 0:02:08]} Kxf7 {[%emt 0:00:34]} 36. Rcd1 {[%emt 0:00:40]} Rh8+ {[%emt 0:00:17]} 37. Kxg4 {[%emt 0:00:08]} Bc8+ {[%emt 0:00:12] Ra1} 0-1

[Event "68th Warsaw-ch-A 2019"]
[Site "Warsaw"]
[Date "2019.11.16"]
[Round "5.10"]
[White "Liberadzki, Slawomir"]
[Black "Grochowski, Kosma"]
[Result "1/2-1/2"]
[WhiteElo "1999"]
[BlackElo "1920"]
[Annotator "NA RC"]
[PlyCount "161"]
[EventDate "2019.11.14"]
[EventType "swiss"]
[EventCountry "POL"]
[SourceTitle "playchess.com"]
[Source "ChessBase"]
[SourceQuality "1"]
[TimeControl "5400+30"]

1. c4 {[%emt 0:17:16]} e5 {[%emt 0:00:00]} 2. Nc3 {[%emt 0:00:12]} Nf6 {[%emt 0:00:09]} 3. g3 {[%emt 0:00:22]} c6 {[%emt 0:00:19]} 4. Nf3 {[%emt 0:04:16]} e4 {[%emt 0:00:03]} 5. Nd4 {[%emt 0:00:09]} d5 {[%emt 0:00:13]} 6. cxd5 {[%emt 0:00:27]} cxd5 {[%emt 0:00:28]} 7. Bg2 {[%emt 0:00:22]} Bc5 {[%emt 0:09:03] A23: English Opening: 1...e5 2 Nc3 Nf6 3 g3 c6} 8. Nb3 {[%emt 0:01:38]} Bb6 {[%emt 0:00:02]} 9. d3 {[%emt 0:02:29]} Qe7 {[%emt 0:09:14]} 10. O-O {[%emt 0:06:49]} h6 {[%emt 0:07:59]} 11. a4 $146 {[%emt 0:20:50]} ({Predecessor:} 11. dxe4 dxe4 12. Bf4 Bf5 13. Nb5 O-O 14. Bd6 Qd7 15. Bxf8 Qxb5 {1-0 (47) Zhigalko,A (2594)-Petrosyan,T (2478) Yerevan 2016}) 11... Nc6 {[%emt 0:02:04]} 12. a5 {[%emt 0:12:33]} Bc7 {[%emt 0:00:02]} 13. dxe4 {[%emt 0:02:17]} dxe4 {[%emt 0:00:03]} 14. Be3 {[%emt 0:07:23]} Bf5 {[%emt 0:13:25]} 15. Nd4 {[%emt 0:02:53]} Nxd4 {[%emt 0:04:06]} 16. Bxd4 {[%emt 0:02:51]} O-O {[%emt 0:06:22]} 17. Bxf6 {[%emt 0:00:52]} Qxf6 {[%emt 0:01:35]} 18. Qb3 {[%emt 0:04:39]} Qe5 {[%emt 0:05:16]} 19. Qxb7 {[%emt 0:00:20]} Rab8 {[%emt 0:00:30]} 20. Qxa7 {[%emt 0:00:49]} Rxb2 {[%emt 0:01:05]} 21. Nxe4 {[%emt 0:02:16]} Rxe2 {[%emt 0:04:23]} 22. Rae1 {[%emt 0:05:29]} Rc2 {[%emt 0:13:25]} 23. a6 {[%emt 0:01:33]} Ba5 {[%emt 0:01:32]} 24. Re3 {[%emt 0:00:45]} Rc7 {[%emt 0:00:58]} 25. Nc3 {[%emt 0:02:11]} Qxc3 {[%emt 0:02:30]} 26. Rxc3 {[%emt 0:00:27]} Rxa7 {[%emt 0:00:02]} 27. Rc5 {[%emt 0:00:26]} Bd3 {[%emt 0:00:02]} 28. Rxa5 {[%emt 0:00:49]} Bxf1 {[%emt 0:00:05]} 29. Kxf1 {[%emt 0:00:08]} Re8 {[%emt 0:00:35]} 30. Bb7 {[%emt 0:00:15]} Re6 {[%emt 0:01:15]} 31. Rc5 {[%emt 0:00:49]} Kf8 {[%emt 0:00:35]} 32. Rc2 {[%emt 0:00:27]} g5 {[%emt 0:02:13]} 33. Re2 {[%emt 0:00:08]} Rb6 {[%emt 0:00:22]} 34. Kg2 {[%emt 0:00:27]} Kg7 {[%emt 0:00:32]} 35. h3 {[%emt 0:00:12]} f5 {[%emt 0:01:28]} 36. Re8 {[%emt 0:00:41]} h5 {[%emt 0:03:45]} 37. Rc8 {[%emt 0:00:39]} Re6 {[%emt 0:01:06]} 38. Rd8 {[%emt 0:00:20]} h4 {[%emt 0:03:39]} 39. gxh4 {[%emt 0:00:24]} gxh4 {[%emt 0:00:02]} 40. Rd4 {[%emt 0:00:32]} Rh6 {[%emt 0:00:35]} 41. Kf3 {[%emt 0:00:08]} Kf7 {[%emt 0:00:27]} 42. Kf4 {[%emt 0:00:49]} Rhxa6 {[%emt 0:05:45]} 43. Bxa6 {[%emt 0:00:13]} Rxa6 {[%emt 0:00:02]} 44. Kg5 {[%emt 0:01:02]} Ra3 {[%emt 0:01:00]} 45. Rxh4 {[%emt 0:00:55]} Rf3 {[%emt 0:00:24]} 46. Rf4 {[%emt 0:00:26]} Rxh3 {[%emt 0:00:19]} 47. Rxf5+ {[%emt 0:00:13]} Kg7 {[%emt 0:00:39]} 48. f4 {[%emt 0:00:40]} Rg3+ {[%emt 0:00:34]} 49. Kh5 {[%emt 0:00:10]} Rh3+ {[%emt 0:01:02]} 50. Kg4 {[%emt 0:00:16]} Rh6 {[%emt 0:00:07]} 51. Rg5+ {[%emt 0:00:56]} Kf7 {[%emt 0:00:21]} 52. Rf5+ {[%emt 0:00:52]} Kg7 {[%emt 0:00:18]} 53. Ra5 {[%emt 0:00:18]} Rb6 $11 {[%emt 0:00:12]} 54. Kg5 {[%emt 0:00:30]} Kf7 {[%emt 0:00:30]} 55. Ra7+ {[%emt 0:00:14]} Kf8 {[%emt 0:00:21]} 56. Rc7 {[%emt 0:00:24]} Kg8 {[%emt 0:00:18]} 57. f5 {[%emt 0:00:08]} Kf8 {[%emt 0:00:23]} 58. Rc8+ {[%emt 0:00:13]} Kf7 {[%emt 0:00:14]} 59. Ra8 {[%emt 0:00:36]} Kg7 {[%emt 0:00:28]} 60. Ra7+ {[%emt 0:00:38]} Kf8 {[%emt 0:00:21]} 61. Rh7 {[%emt 0:00:06]} Kg8 {[%emt 0:00:51]} 62. Re7 {[%emt 0:00:06]} Kf8 {[%emt 0:00:18]} 63. Re4 {[%emt 0:00:16]} Kf7 {[%emt 0:00:14]} 64. Re5 {[%emt 0:00:27]} Kf8 {[%emt 0:00:19]} 65. Rc5 {[%emt 0:00:59]} Kf7 {[%emt 0:00:18]} 66. f6 {[%emt 0:00:06]} Rb1 {[%emt 0:00:17]} 67. Rc7+ {[%emt 0:00:24]} Kf8 {[%emt 0:00:06]} 68. Rc5 {[%emt 0:00:28]} Rg1+ {[%emt 0:00:32]} 69. Kf5 {[%emt 0:00:10]} Rf1+ {[%emt 0:00:08]} 70. Ke6 {[%emt 0:00:07]} Re1+ {[%emt 0:00:12]} 71. Re5 {[%emt 0:00:06]} Rxe5+ {[%emt 0:00:02]} 72. Kxe5 {[%emt 0:00:07]} Kf7 {[%emt 0:00:04]} 73. Kf5 {[%emt 0:00:04]} Kf8 {[%emt 0:00:02]} 74. Kg6 {[%emt 0:00:11]} Kg8 {[%emt 0:00:02]} 75. Kh6 {[%emt 0:00:12]} Kf7 {[%emt 0:01:00]} 76. Kg5 {[%emt 0:00:07]} Kf8 {[%emt 0:00:02]} 77. Kf4 {[%emt 0:00:11]} Kf7 {[%emt 0:00:20]} 78. Ke5 {[%emt 0:00:05]} Kf8 {[%emt 0:00:04]} 79. Ke6 {[%emt 0:00:08]} Ke8 {[%emt 0:00:03]} 80. f7+ {[%emt 0:00:06]} Kf8 {[%emt 0:00:01]} 81. Kf6 {[%emt 0:00:06]} 1/2-1/2

[Event "68th Warsaw-ch-A 2019"]
[Site "Warsaw"]
[Date "2019.11.17"]
[Round "6.2"]
[White "Deszczynski, Adam"]
[Black "Kowalski, Igor"]
[Result "1/2-1/2"]
[WhiteElo "2291"]
[BlackElo "2346"]
[Annotator "TA"]
[PlyCount "56"]
[EventDate "2019.11.14"]
[EventType "swiss"]
[EventCountry "POL"]
[SourceTitle "playchess.com"]
[Source "ChessBase"]
[SourceQuality "1"]

{[%evp 13,56,0,20,26,43,5,20,0,0,0,0,0,16,25,25,15,37,18,22,29,26,11,25,0,23,13,0,-9,14,14,15,12,8,4,5,6,6,0,0,0,0,0,38,0,4]} 1. e4 e5 2. Nf3 Nc6 3. Bb5 a6 4. Ba4 Nf6 5. O-O b5 6. Bb3 Bc5 7. d3 h6 8. a4 {axb5 is the strong threat. C78: Ruy Lopez: Archangelsk and Möller Defences} Rb8 9. axb5 axb5 10. Nc3 d6 11. Nd5 O-O 12. c3 (12. Be3 Nxd5 13. exd5 Bxe3 14. fxe3 Ne7 15. e4 Ng6 16. Qd2 {0-1 (38) Dominguez Perez,L (2732)-Ding,L (2766) Huaian 2016}) 12... Bg4 13. h3 Bxf3 $146 ({Predecessor:} 13... Be6 14. d4 exd4 15. cxd4 Nxd4 16. Nxd4 Nxe4 {1-0 (26) Stellwagen,D (2487)-Markus,J (2206) Hoogeveen 2003}) 14. Qxf3 {Hoping for Bxh6!} Nxd5 15. Bxd5 Ne7 16. Bb3 b4 {With the idea ...bxc3.} 17. Rb1 (17. Qd1 {feels hotter.} bxc3 18. bxc3 d5 19. Ra4 d4 20. cxd4 Bxd4 21. Bc4) 17... c6 18. Be3 (18. Qd1 {looks sharper.} Qb6 19. Kh1 Ng6 20. Bd2 Rb7 21. f4) 18... Qb6 19. Bxc5 Qxc5 20. Qe3 Qa5 21. d4 bxc3 22. bxc3 Qa3 23. Bc4 Rxb1 24. Rxb1 d5 25. exd5 cxd5 {[#] And now ...exd4 would win.} 26. Bf1 e4 27. c4 Qa2 28. Rc1 Rc8 {Accuracy: White = 51%, Black = 58%.} 1/2-1/2

[Event "68th Warsaw-ch-A 2019"]
[Site "Warsaw"]
[Date "2019.11.17"]
[Round "6.3"]
[White "Kozak, Antoni"]
[Black "Paprocki, Jaroslaw"]
[Result "1-0"]
[WhiteElo "2350"]
[BlackElo "2184"]
[Annotator "RC"]
[PlyCount "55"]
[EventDate "2019.11.14"]
[EventType "swiss"]
[EventCountry "POL"]
[SourceTitle "playchess.com"]
[Source "ChessBase"]
[SourceQuality "1"]
[TimeControl "5400+30"]

1. d4 {[%emt 0:00:00]} Nf6 {[%emt 0:05:26]} 2. c4 {[%emt 0:00:00]} e6 {[%emt 0:00:07]} 3. Nc3 {[%emt 0:00:00]} Bb4 {[%emt 0:00:03]} 4. f3 {[%emt 0:00:03]} d5 {[%emt 0:03:13]} 5. a3 {[%emt 0:00:05]} Be7 {[%emt 0:00:56]} 6. cxd5 {[%emt 0:13:40]} exd5 {[%emt 0:01:03]} 7. e4 {[%emt 0:00:22]} dxe4 {[%emt 0:04:04]} 8. fxe4 {[%emt 0:01:17]} O-O {[%emt 0:03:29]} 9. Nf3 {[%emt 0:10:25]} c6 {[%emt 0:03:06]} 10. Bd3 {[%emt 0:11:14]} Bg4 {[%emt 0:03:52]} 11. Be3 {[%emt 0:00:06]} Nbd7 {[%emt 0:11:26]} 12. Qc2 {[%emt 0:15:37]} Bxf3 {[%emt 0:04:11]} 13. gxf3 {[%emt 0:00:08]} Nh5 {[%emt 0:00:18]} 14. h4 {[%emt 0:09:45]} Bxh4+ {[%emt 0:01:17]} 15. Kd2 {[%emt 0:00:05]} g6 {[%emt 0:02:40]} 16. Rag1 {[%emt 0:00:33]} Kh8 {[%emt 0:11:13]} 17. Kc1 {[%emt 0:01:49]} c5 {[%emt 0:05:37]} 18. e5 {[%emt 0:10:41]} cxd4 {[%emt 0:04:24]} 19. Bxd4 {[%emt 0:00:03]} Nb6 {[%emt 0:06:17]} 20. Rg4 {[%emt 0:00:19]} Bg5+ {[%emt 0:02:17]} 21. Kb1 {[%emt 0:00:03]} Ng7 {[%emt 0:12:20]} 22. Bxg6 {[%emt 0:01:19]} h6 {[%emt 0:02:23]} 23. f4 {[%emt 0:00:16]} Qxd4 {[%emt 0:04:08]} 24. fxg5 {[%emt 0:00:05]} Qxg4 {[%emt 0:02:16]} 25. Rxh6+ {[%emt 0:00:05]} Kg8 {[%emt 0:00:01]} 26. Bh7+ {[%emt 0:00:04]} Kh8 {[%emt 0:00:04]} 27. Bg8+ {[%emt 0:00:03]} Kxg8 {[%emt 0:00:11]} 28. Qh7# {f6 e6#} 1-0

[Event "68th Warsaw-ch-A 2019"]
[Site "Warsaw"]
[Date "2019.11.17"]
[Round "6.4"]
[White "Mis, Mieszko"]
[Black "Chomczyk, Marek"]
[Result "0-1"]
[WhiteElo "2328"]
[BlackElo "2282"]
[Annotator "TA"]
[PlyCount "120"]
[EventDate "2019.11.14"]
[EventType "swiss"]
[EventCountry "POL"]
[SourceTitle "playchess.com"]
[Source "ChessBase"]
[SourceQuality "1"]

{[%evp 18,120,10,10,65,43,57,58,43,38,58,72,74,82,76,62,93,84,110,96,103,88,133,118,113,79,137,141,186,181,180,185,190,198,217,226,251,262,258,254,402,407,448,79,643,206,381,194,204,60,43,58,64,0,0,-8,-6,-39,-19,-21,-21,-33,0,0,0,0,8,-94,-75,-71,-68,-107,-57,-68,0,-40,-36,-35,0,-10,69,69,76,-243,-164,-229,-238,-312,-317,-700,-695,-5895,-5895,-5874,-5874,-5874,-5874,-5772,-4762,-5839,-5786,-5485,-5288,-1672,-441]} 1. d4 Nf6 2. c4 e6 3. Nf3 d5 4. g3 Be7 5. Bg2 O-O 6. O-O dxc4 7. Qc2 a6 8. a4 Bd7 9. Rd1 Bc6 10. Nc3 b5 $146 {E05: Open Catalan: 5 Nf3 Be7} (10... Bxf3 $11 11. Bxf3 Nc6 12. Bxc6 bxc6) ({Predecessor:} 10... Bb4 11. Bg5 Bxc3 12. Qxc3 Ne4 13. Bxd8 Nxc3 14. bxc3 Rxd8 15. Ne5 Bxg2 16. Kxg2 Nc6 17. Nxc4 b5 18. Nd2 b4 {½-½ (69) Van Wely,L (2674)-L'Ami,E (2636) Amsterdam 2018}) 11. axb5 $14 axb5 12. Rxa8 Bxa8 {White is slightly better.} 13. Nxb5 Bd5 14. Nc3 Nc6 {[%cal Bb8c6,Bc6b4,Bb4a2][%mdl 32]} 15. e4 Nb4 16. Qe2 Bb7 17. Ne5 Qa8 18. Nxc4 Rd8 19. Bf4 Rc8 20. g4 Na2 {intending ...Nxc3.} 21. Nd2 c5 (21... h6 $142) 22. g5 $16 Nd7 23. d5 $1 {[%cal Rd5e6] Threatens to win with dxe6.} Nxc3 24. bxc3 exd5 25. exd5 Bf8 26. Qg4 Qa4 27. Rb1 Ba6 28. Bh3 Bd3 (28... Ra8 {was worth a try.} 29. c4 Bc8) 29. Rb7 $18 ({Weaker is} 29. Qxd7 Qxf4 30. Qxc8 Bxb1 $11) 29... Re8 30. Kg2 $2 (30. Rxd7 $18 Qa1+ 31. Kg2) 30... Re1 $2 {[%mdl 8192]} (30... f5 $16 31. Qf3 Be2) 31. Be3 $2 (31. Rxd7 Qa1 32. Nf3 (32. Qh5 $2 Rg1+ 33. Kf3 Qd1+ 34. Ke3 Qxh5 $19)) 31... Qxg4+ 32. Bxg4 Ne5 33. Rb8 (33. Bf3 $18) 33... Rxe3 $1 $14 34. fxe3 Nxg4 35. e4 ({White should try} 35. Rd8 $1 $14) 35... f6 $11 36. gxf6 gxf6 37. Kf3 Ne5+ 38. Kf4 Kf7 {...Bh6+ is the strong threat.} 39. Kf5 $1 Ng6 (39... Nd7 $5 {[%cal Rd7b8]} 40. Rb7 Ke7 $15) 40. Rb7+ Ne7+ 41. Kg4 Kg6 42. d6 (42. Kf3 $11 {remains equal.}) 42... Nc6 $17 43. d7 Be7 44. c4 f5+ 45. Kg3 {Strongly threatening Rb6.} Nd4 ({Not} 45... fxe4 $2 46. Rb6 $18) (45... Nd8 $15 46. Rb6+ Kf7) 46. Rb8 {Hoping for exf5+.} Ne6 $1 {aiming for ...Bd6+.} 47. Re8 f4+ (47... Kf7 $5 {[%cal Rf5e4]} 48. exf5 Bxf5 $15) 48. Kf2 Bh4+ (48... Kf6 $1 $11) 49. Kg1 $1 $14 {[%mdl 1024] White has compensation.} Kf7 {[#]} 50. e5 $2 {[%mdl 8192]} (50. Nf3 $1 $16 {[%cal Rf3h4]} Bf6 51. Kf2) 50... Bf5 51. Nf3 {[#]} (51. Ra8 $142) 51... Be7 $1 $19 52. Kf2 Nd8 53. Nd2 $2 (53. Rh8) 53... Bxd7 {Black is clearly winning.} 54. Rxd8 Bxd8 55. Kf3 h6 56. Nb3 Be7 57. Kxf4 Ke6 58. Kg4 Kxe5+ 59. Kh5 Bf8 60. Kg6 Be8+ {Accuracy: White = 39%, Black = 46%.} 0-1